Analýza výsledkov kontroly úžitkovosti v chove hovädzieho dobytka na Slovensku a smery jej ďalšieho rozvoja

Bibliographic Details
Main Author: Malovec, Emil (Author)
Format: Article
Language:Slovak
PhysicalDescription:Tb. 2.
Subjects:

MARC

LEADER 00000nab a2200000 a 4500
001 vtls000261361
003 SK-MaSNL
005 20260303183842.0
008 111130c1986 xo 0 slo
015 |a SNBRB19rr/mm-uuuuu 
035 |a CL0271475 
040 |a SNKBUCL  |b slo  |c SNKBUCL  |e AACR2 
041 0 |a slo 
044 |a xo  |c SK 
080 |a 636.22/.28.03  |2 1981 
100 1 |a Malovec, Emil  |4 aut  |9 515214 
245 1 0 |a Analýza výsledkov kontroly úžitkovosti v chove hovädzieho dobytka na Slovensku a smery jej ďalšieho rozvoja  |c Emil Malovec 
300 |b Tb. 2. 
650 0 7 |a hovädzí dobytok  |2 snkbucl  |9 2818 
655 7 |a články z novín a časopisov  |2 snkbucl  |9 267496 
773 0 |t Informácie MPVž SSR  |g Roč. 14, č. 16 (1986), s. 14-16 
850 |a Slovenská národná knižnica v Martine  |a MTA001 
852 |a SNK  |b KIS3GCP 
958 |a RK 
992 |a RBX 
999 |c 2123497  |d 2125427